| 000 | 02084cam a22004454i 4500 | ||
|---|---|---|---|
| 003 | PE-LiUPU | ||
| 005 | 20250731183402.0 | ||
| 008 | 170810s2014 sp a r 001 0 spa d | ||
| 020 | _a8429123032 | ||
| 020 | _a9788429123036 | ||
| 035 | _a(Sirsi) a238224 | ||
| 040 |
_aPE-LiUPU _bspa _cPE-LiUPU _erda |
||
| 041 | 1 |
_aspa _hdan |
|
| 049 | _aPRUA | ||
| 082 | 0 | 4 |
_a711.409 _bR26 _221 |
| 100 | 1 |
_aRasmussen, Steen Eiler, _eautor. |
|
| 245 | 1 | 0 |
_aCiudades y edificios : _bdescritos con dibujos y palabras / _cSteen Eiler Rasmussen. |
| 264 | 1 |
_aBarcelona : _Ed Reverté, _c2014. |
|
| 300 |
_a271 páginas : _bilustraciones ; _c24 centimetros. |
||
| 336 |
_atext _2rdacontent |
||
| 337 |
_aunmediated _2rdamedia |
||
| 338 |
_avolume _2rdacarrier |
||
| 490 | 0 |
_aDocumentos de Composición Arquitectónica ; _v 3 |
|
| 504 | _aÍndices: páginas 263-271. | ||
| 505 | 0 | _aLa ciudad, un templo -- Ciudades coloniales -- Las ciudades ideales del renacimiento -- La grandiosa perspectiva -- Roma, la ciudad eterna -- El París de los mosqueteros -- La villa -- La contribución holandesa -- Charlottenbord, Copenhague -- Historia de dos ciudades -- Intermedio danés -- El neoclasicismo -- Las afueras -- Los bulevares de París -- El suelo y la especulación -- El funcionalismo. | |
| 526 | _aP158 | ||
| 526 | _aP146 | ||
| 526 | _aP17 | ||
| 526 | _aP12 | ||
| 526 | _aP06 | ||
| 534 |
_aTítulo Original : _tTowns and buildings. |
||
| 650 | 0 | 4 | _aIdentidades urbanas sociales. |
| 910 |
_ajck _bjvq _cwmm _d20170810 |
||
| 942 |
_2ddc _cBOOK |
||
| 949 |
_a711.409 R26 _wDEWEY _c1 _i76722 _lCATALOGING _mBUL _p33.86 _r0 _sY _tBOOK _u2017-08-9 _xINGENIERIA _PP06 _0COMPRA _o.STAFF. Colección Ingeniería y Arquitectura |
||
| 994 |
_aC0 _bPEPRU |
||
| 596 | _a1 | ||
| 999 |
_a711.409 R26 _wDEWEY _c24927 _i76722 _d24927 _e2018-12-11 _f2021-11-9 _g4 _lCCODEBUL1 _mBUL _n1 _p33.86 _r0 _sY _tBOOK _u2017-8-10 _xINGENIERIA _PP06 _0COMPRA _o.STAFF. Colección Ingeniería y Arquitectura |
||
| 980 |
_81 _gALBERTO SANCHEZ Responsable de Automatización |
||